Iconic Vines - Statistics

General Stats
  • This quiz has been taken 1,134 times
  • The average score is 17 of 27
Answer Stats
Vine Answer % Correct
Is that a _______? chicken
96%
My name is Michael with a __ B
92%
Look at all those ____ chickens
91%
Whoever threw that paper, your mom's a ____ hoe
90%
Two bros chilling in a hot tub, ______ feet apart cause they're not gay five
88%
What's 9 plus 10? 21
87%
When will your learn that your ______ have consequences actions
87%
It is ______ my dudes Wednesday
87%
A _______ flew around my room potato
84%
I'm in me _____ ________, vroom vroom mum's car
81%
Hey my name is Trey I have a _______ ______ tomorrow basketball game
79%
and they were ________ roomates
71%
How old is Jared? 19
70%
wait oh yes wait a minute mr. _______ postman
70%
Road work where? ahead
68%
CHRIS, is that a ________? weed
66%
so no _______? head
63%
___ _____ of vodka two shots
52%
I thought you were __________ American
51%
Let's do the fork in the ________ garbage disposal
51%
Say Colorado I'm a giraffe
51%
Happy Birthday, ________ Raven
48%
It's the ____ ______ how good can it be? dollar store
46%
I'm just chillin in _____ ________ Cedar Rapids
18%
what is going on here? bekfast
15%
Welcome to ____ ____ Bible study
12%
It's an __________ thanks avavado
2%
No matching quizzes found
Score Distribution
Percent of People with Each Score
Percentile by Number Answered
Your Score History
You have not taken this quiz